000
00328nam a22001337a 4500
008
170213b xxu||||| |||| 00| 0 eng d
020
_a
9781401840334
041
_a
eng
080
_2
4TH
_a
61
100
_a
4
101
_a
SHM
245
_a
LAW, LIABILITY, AND ETHICS FOR MEDICAL OFFICE PROFESSIONAL
_c
FLIGHT, M
942
_2
udc
_c
BK
999
_c
5280
_d
5280